Mecanismo de la conducta: percepción pensamiento, acción
שמור ב:
| מחבר ראשי: | |
|---|---|
| פורמט: | ספר |
| שפה: | ספרדית |
| יצא לאור: |
Madrid
Iberoamericanas Quorum
1986
|
| סדרה: | Biblioteca Básica de Psicología General. Serie Negra, 10
|
| נושאים: | |
| תגים: |
הוספת תג
אין תגיות, היה/י הראשונ/ה לתייג את הרשומה!
|
MARC
| LEADER | 00000cam a2200000 a 4500 | ||
|---|---|---|---|
| 001 | UCW4803 | ||
| 003 | CL-VaPUC | ||
| 008 | 900821e19860000SP |||||||||||||||||spa|d | ||
| 082 | 0 | 4 | |a 150.1943 |b PER |2 21 |
| 100 | 0 | |a Pérez Martínez, María Teresa |e author |9 309614 | |
| 245 | 1 | 0 | |a Mecanismo de la conducta: percepción pensamiento, acción |
| 300 | |a 136 p | ||
| 942 | |c BK | ||
| 945 | |d 19900821 00:00:00 |a cmena | ||
| 260 | |a Madrid |b Iberoamericanas Quorum |c 1986 | ||
| 650 | 0 | |a Comportamiento |9 308406 | |
| 650 | 7 | |a PSICOLOGIA DEL COMPORTAMIENTO |2 CL-VaPUC |9 309615 | |
| 650 | 0 | |a Percepción |9 266750 | |
| 650 | 0 | |a Pensamiento |9 307612 | |
| 583 | |a last modification |c 20111003 01:23:32 |k Rodrigo Vera | ||
| 490 | 0 | |a Biblioteca Básica de Psicología General. Serie Negra, 10 | |
| 999 | |c 218418 |d 218416 | ||
| 952 | |0 0 |1 0 |4 0 |6 150_194300000000000_PER_1986 |7 0 |8 A |9 207952 |a BIBEDU |b BIBEDU |d 2019-11-15 |i 2758016 |o 150.1943 PER 1986 |p 2758016 |r 2019-11-15 |w 2019-11-15 |y BK |k EDU | ||